000
00253nam a22001097a 4500
008
160523b xxu||||| |||| 00| 0 eng d
020
_a
0393957861
041
_a
eng
080
_a
615
245
_a
Ohanian physics:
_c
Richard J. Gonsalves;
942
_2
udc
_c
BK
999
_c
2388
_d
2388